书目信息 |
| 题名: |
图解健康花草阳台种菜大百科
|
|
| 作者: | 蒋青海 编著 | |
| 分册: | ||
| 出版信息: | 福州 福建科学技术出版社 2014 |
|
| 页数: | 308页 | |
| 开本: | 25cm | |
| 丛书名: | 大彩生活读库 | |
| 单 册: | ||
| 中图分类: | S8-64 , S6-64 , S6 | |
| 科图分类: | ||
| 主题词: | 观赏园艺--图解 , 蔬菜园艺--图解 , 园艺 | |
| 电子资源: | ||
| ISBN: | 978-7-5335-4512-3 | |
| 000 | 00804oam2 22002891 450 | |
| 001 | 012015000048 | |
| 005 | 20241218141734.64 | |
| 010 | @a978-7-5335-4512-3@b软精装@dCNY39.80 | |
| 100 | @a20140727d2014 em y0chiy0110 ea | |
| 101 | 0 | @achi |
| 102 | @aCN@b350000 | |
| 105 | @aa z 000yy | |
| 106 | @ar | |
| 200 | 1 | @a图解健康花草阳台种菜大百科@Atu jie jian kang hua cao yang tai zhong cai da bai ke@f蒋青海编著 |
| 210 | @a福州@c福建科学技术出版社@d2014 | |
| 215 | @a308页@d25cm | |
| 225 | 2 | @a大彩生活读库 |
| 461 | 0 | @12001 @a大彩生活读库 |
| 606 | 0 | @a观赏园艺@j图解 |
| 606 | 0 | @a蔬菜园艺@j图解 |
| 606 | 0 | @a园艺 |
| 690 | @aS8-64@v5 | |
| 690 | @aS6-64@v5 | |
| 690 | @aS6@v4 | |
| 701 | 0 | @a蒋青海@AJiang Qing Hai@4编著 |
| 801 | 0 | @aCN@b碧洲教育@c20150716 |
| 905 | @a10447@f4@dS6@e750 | |
| 图解健康花草阳台种菜大百科/蒋青海编著.-福州:福建科学技术出版社,2014 |
| 308页;25cm.-(大彩生活读库) |
| ISBN 978-7-5335-4512-3(软精装):CNY39.80 |
| ● |
| 相关链接 |
|
|
|
|
正题名:图解健康花草阳台种菜大百科
索取号:S6/750
 
预约/预借
| 序号 | 登录号 | 条形码 | 馆藏地/架位号 | 状态 | 备注 |
| 1 | 0870809 | 208708095 | 第二样本阅览室/ [索取号:S6/750] | 在馆 | |
| 2 | 0870810 | 208708102 | 第三借阅区/ [索取号:S6/750] | 在馆 | |
| 3 | 0870811 | 208708111 | 第三借阅区/ [索取号:S6/750] | 在馆 | |
| 4 | 0870812 | 208708120 | 密集书库-生命科学系/ [索取号:S6/750] | 在馆 |